000 00674cam a22002293a 4500
001 9839
003 PGUSA
005 20140828083216.0
008 060201s2006||||xxu|||||s|||||000 1 eng d
040 _aPGUSA
_beng
042 _adc
050 4 _aPS
100 1 _aCable, George Washington,
_d1844-1925
245 1 4 _aThe Cavalier
_h[electronic resource] /
_cGeorge Washington Cable
260 _bProject Gutenberg,
_c2006
506 _aPublic domain in the USA.
516 _aElectronic text
653 _aUnited States -- History -- Civil War, 1861-1865 -- Fiction
830 0 _aProject Gutenberg
_v9839
856 4 0 _uhttp://www.gutenberg.org/ebooks/9839
942 _cEB
999 _c239095
_d239095